000 00699nam a2200289Ia 4500
005 20260324125755.0
008 008 260324s9999 xx 000 0 eng d
020 _a9780429089893
037 _aEBOOK
040 _aCRL
040 _beng
040 _cCRL
041 _2eng
041 _aeng
084 _qCRL
100 _aNasimul Ahsan
_91179270
245 0 _aChronic Allograft Failure
245 0 _bNatural History, Pathogenesis, Diagnosis and Management
260 _bTaylor and Francis
260 _c2008
365 _a
365 _b135
856 _uhttp://www.taylorfrancis.com/books/9780429089893
942 _cEBOOK
999 _c1774826
_d1774826